Socialistický národ ako politický subjekt zborník štúdií

Podrobná bibliografia
Ďalší autori: Kanis, Pavol, 1948- (Zostavovateľ, kompilátor)
Médium: Kniha
Jazyk:slovenčina
Fyzický popis:199 s. 21 cm
Vydavateľské údaje: Bratislava S.l. Pravda Ústav marxizmu-leninizmu ÚV KSS v Bratislave [vyd.] 1988
Vydanie:1. vyd.
Edícia:Zborník Ústavu marxizmu-leninizmu ÚV KSS
Predmet:

MARC

LEADER 00000cam a2200000 a 4500
001 vtls001122572
003 SK-MaSNL
005 20260311144902.0
008 251029s1988 xo n 000 0 slo
015 |a SNBA1988/11 
035 |a SNK000065415 
035 |a urn:nbn:sk:snk-amjbeg 
035 |a urn:nbn:sk:snk-am002fn8 
035 |a 23F3260B-9A18-4B64-AD69-4D1018994E21 
040 |a SNK  |b slo  |c SNK  |e AACR2 
041 0 |a slo 
044 |a xo  |c SK 
080 |a 323.1(437)  |2 1981 
245 0 0 |a Socialistický národ ako politický subjekt  |b zborník štúdií  |c zost. Pavol Kanis 
250 |a 1. vyd. 
260 |a Bratislava  |b Pravda  |a S.l.  |b Ústav marxizmu-leninizmu ÚV KSS v Bratislave [vyd.]  |c 1988  |e Bratislava  |f Pravda 
300 |a 199 s.  |c 21 cm 
366 |e 1500 výt. 
490 1 |a Zborník Ústavu marxizmu-leninizmu ÚV KSS  |v roč. 26., č. 1 
500 |a Lit. 246. 246 zázn. v slov., češ. a ruš. 
504 |a Bibliogr. odkazy ; pozn. 
650 0 7 |a národnostná politika  |2 SNKPH  |9 4656 
651 7 |a Československo  |2 SNKPH  |9 21376 
655 7 |a štúdie  |2 SNKPH  |9 57033 
700 1 |a Kanis, Pavol,  |d 1948-  |4 com  |9 202008 
830 0 |a Zborník Ústavu marxizmu-leninizmu ÚV KSS  |9 278797 
958 |a EUIPO 
958 |a OND 
958 |a SP 
958 |a NB 
958 |a TL 
999 |c 1111290  |d 1113220 
952 |a SNK  |b SNK  |y VYP  |7 0  |p 17A1140204  |o snkSC 72824 D1  |i snkKSP 9408/88  |0 0  |1 0  |4 0  |d 2015-03-11  |f 1  |l 0  |r 2026-02-24 18:01:03  |w 2026-02-24